[Event "Titled Tuesday intern op 28th Jan Early"]
[Site "Chess.com INT"]
[Date "2025.01.28"]
[Round "6"]
[White "Arun, Kataria"]
[Black "Itgelt, Khuyagtsogt"]
[Result "0-1"]
[WhiteElo "2353"]
[BlackElo "2416"]
[PlyCount "112"]
[EventDate "2025.01.28"]
[EventType "swiss (blitz)"]
[EventRounds "11"]
[EventCountry "USA"]
[SourceTitle "CB06_2025"]
[SourceDate "2025.02.05"]
[SourceVersion "1"]
[SourceVersionDate "2025.02.05"]
[SourceQuality "1"]

1. d4 d5 2. c4 c6 3. Nc3 Nf6 4. Nf3 dxc4 5. e4 b5 6. e5 Nd5 7. Ne4 Bf5 8. Ng3 Bg4 9. Be2 e6 10. 0-0 Be7 11. h3 Bxf3 12. Bxf3 Nd7 13. Be4 h6 14. Qg4 g5 15. f4 Qb6 16. Bxd5 Qxd4+ 17. Kh2 cxd5 18. Qf3 Qd3 19. Qf2 Bc5 20. Qe1 gxf4 21. Bxf4 Rg8 22. Rf3 Qg6 23. Be3 d4 24. Bg1 0-0-0 25. a4 b4 26. a5 Kb8 27. a6 Bb6 28. Ne4 Rc8 29. Nd6 Rc5 30. Qf1 Bc7 31. Rxf7 Nxe5 32. Rxc7 Rxc7 33. Nxc4 Qg3+ 34. Kh1 Nxc4 35. Bh2 Ne3 36. Bxg3 Nxf1 37. Bxc7+ Kxc7 38. Rxf1 e5 39. Rf7+ Kb6 40. Rf6+ Kc5 41. Rxh6 d3 42. Rh7 Rd8 43. Rc7+ Kb6 44. Rc1 e4 45. Kg1 e3 46. Kf1 Rf8+ 47. Ke1 d2+ 48. Kd1 dxc1Q+ 49. Kxc1 Rf2 50. Kd1 Rxg2 51. Ke1 Rxb2 52. Kf1 Rh2 53. Ke1 b3 54. Kf1 b2 55. Ke1 Rf2 56. Kd1 b1Q# 0-1

[Event "Titled Tuesday intern op 28th Jan Early"]
[Site "Chess.com INT"]
[Date "2025.01.28"]
[Round "1"]
[White "Ponomarenko, Grigory"]
[Black "Itgelt, Khuyagtsogt"]
[Result "0-1"]
[WhiteElo "2247"]
[BlackElo "2416"]
[PlyCount "72"]
[EventDate "2025.01.28"]
[EventType "swiss (blitz)"]
[EventRounds "11"]
[EventCountry "USA"]
[SourceTitle "CB06_2025"]
[SourceDate "2025.02.05"]
[SourceVersion "1"]
[SourceVersionDate "2025.02.05"]
[SourceQuality "1"]

1. e4 e5 2. Nf3 Nc6 3. Bb5 a6 4. Ba4 Nf6 5. 0-0 b5 6. Bb3 Bc5 7. c3 d6 8. d4 Bb6 9. h3 0-0 10. Be3 exd4 11. cxd4 Na5 12. Bc2 h6 13. Nbd2 Nc4 14. Nxc4 bxc4 15. Nd2 Re8 16. Nxc4 Nxe4 17. Nxb6 cxb6 18. d5 Bf5 19. Re1 Bg6 20. Qd4 Rc8 21. Bd3 b5 22. a4 Nc5 23. Bxg6 fxg6 24. Qg4 Kh7 25. axb5 axb5 26. Ra7 Rc7 27. Rxc7 Qxc7 28. Rc1 Qf7 29. Bxc5 dxc5 30. Rxc5 Re1+ 31. Kh2 Qxf2 32. Rc7 Qg1+ 33. Kg3 Qe3+ 34. Qf3 Qe5+ 35. Kf2 Rb1 36. Rc2 Qe1# 0-1

[Event "Olympiad-45"]
[Site "Budapest"]
[Date "2024.09.19"]
[Round "8.4"]
[White "Itgelt, Khuyagtsogt"]
[Black "Schnell, Sebastian Narayana"]
[Result "1-0"]
[WhiteElo "2412"]
[BlackElo "2059"]
[PlyCount "51"]
[EventDate "2024.09.11"]
[EventType "team-swiss"]
[EventRounds "11"]
[EventCountry "HUN"]
[SourceTitle "EXT 2025"]
[Source "ChessBase"]
[SourceDate "2024.10.14"]
[SourceVersion "1"]
[SourceVersionDate "2024.10.14"]
[SourceQuality "1"]
[WhiteTeam "Mongolia"]
[BlackTeam "Panama"]
[WhiteTeamCountry "MGL"]
[BlackTeamCountry "PAN"]

1. d4 Nf6 2. c4 g6 3. g3 Bg7 4. Bg2 d6 5. Nf3 0-0 6. 0-0 Nbd7 7. Qc2 e5 8. Rd1 Qe7 9. Nc3 c6 10. e4 exd4 11. Nxd4 a5 12. h3 h6 13. Bf4 Ne5 14. b3 Nh7 15. Be3 Qf6 16. f4 Nd7 17. Rd2 g5 18. Rf1 gxf4 19. gxf4 Nc5 20. Nce2 Qg6 21. Kh2 Re8 22. Ng3 Nf6 23. Rg1 Nh5 24. Bf3 Nxg3 25. Rxg3 Qf6 26. Rdg2 1-0

[Event "Belgrade Serbia op"]
[Site "Belgrade"]
[Date "2024.07.20"]
[Round "8"]
[White "Itgelt, Khuyagtsogt"]
[Black "Vershinin, Igor1"]
[Result "1/2-1/2"]
[WhiteElo "2402"]
[BlackElo "2092"]
[PlyCount "44"]
[EventDate "2024.07.12"]
[EventType "swiss"]
[EventRounds "9"]
[EventCountry "SRB"]
[SourceTitle "CBM 221 Extra"]
[Source "ChessBase"]
[SourceDate "2024.09.30"]
[SourceVersion "1"]
[SourceVersionDate "2024.09.30"]
[SourceQuality "1"]

1. d4 d5 2. c4 e6 3. Nf3 dxc4 4. Qa4+ Nd7 5. g3 a6 6. Qxc4 b5 7. Qc6 Rb8 8. Bg5 Ngf6 9. Bxf6 Bb4+ 10. Nbd2 Bxd2+ 11. Nxd2 Qxf6 12. Qc3 Bb7 13. f3 c5 14. Nb3 b4 15. Qd2 cxd4 16. Qxd4 Qxd4 17. Nxd4 Ke7 18. e4 Rhd8 19. 0-0-0 Nc5 20. Bg2 Rd7 21. Nb3 Nxb3+ 22. axb3 Rbd8 1/2-1/2

[Event "Belgrade Serbia op"]
[Site "Belgrade"]
[Date "2024.07.16"]
[Round "5"]
[White "Li, Guohao"]
[Black "Itgelt, Khuyagtsogt"]
[Result "1/2-1/2"]
[WhiteElo "2331"]
[BlackElo "2402"]
[PlyCount "21"]
[EventDate "2024.07.12"]
[EventType "swiss"]
[EventRounds "9"]
[EventCountry "SRB"]
[SourceTitle "CBM 221 Extra"]
[Source "ChessBase"]
[SourceDate "2024.09.30"]
[SourceVersion "1"]
[SourceVersionDate "2024.09.30"]
[SourceQuality "1"]

1. d4 Nf6 2. c4 g6 3. Nf3 Bg7 4. Nc3 d5 5. Bg5 Ne4 6. Bf4 Nxc3 7. bxc3 c5 8. e3 Nc6 9. Be2 cxd4 10. cxd4 Qa5+ 11. Qd2 1/2-1/2

[Event "Paracin op-A 17th"]
[Site "Paracin"]
[Date "2024.07.09"]
[Round "7"]
[White "Itgelt, Khuyagtsogt"]
[Black "Akhmedov, David"]
[Result "1-0"]
[WhiteElo "2402"]
[BlackElo "2263"]
[PlyCount "99"]
[EventDate "2024.07.03"]
[EventType "swiss"]
[EventRounds "9"]
[EventCountry "SRB"]
[SourceTitle "CBM 221 Extra"]
[Source "ChessBase"]
[SourceDate "2024.09.30"]
[SourceVersion "1"]
[SourceVersionDate "2024.09.30"]
[SourceQuality "1"]

1. d4 Nf6 2. c4 e6 3. g3 d5 4. Bg2 Bb4+ 5. Nd2 a5 6. a3 Bxd2+ 7. Bxd2 dxc4 8. Qa4+ Bd7 9. Qxc4 Bc6 10. Nf3 Bd5 11. Qa4+ Nc6 12. 0-0 0-0 13. Bc3 Be4 14. Qb5 Ra6 15. e3 Rb6 16. Qe2 Qd5 17. Rfd1 Ne7 18. Rac1 Rc6 19. Ne1 Bxg2 20. Nxg2 Ne4 21. Nf4 Qf5 22. Be1 Rxc1 23. Rxc1 Nc6 24. f3 Nf6 25. g4 Nxg4 26. fxg4 Qe4 27. Bd2 e5 28. Qg2 Qxg2+ 29. Nxg2 exd4 30. Rc5 Rd8 31. Kf2 f6 32. Ke2 d3+ 33. Kf2 Ne5 34. h3 c6 35. Ne1 b6 36. Rc1 c5 37. Nf3 Nf7 38. e4 Nd6 39. Ke3 Re8 40. Kxd3 Nxe4 41. Re1 Nf2+ 42. Kc4 Rd8 43. Re2 Nd3 44. Be3 a4 45. Rd2 b5+ 46. Kxb5 Rb8+ 47. Kc6 Rb3 48. Bxc5 Nxc5 49. Rd8+ Kf7 50. Nd4 1-0

[Event "Paracin op-A 17th"]
[Site "Paracin"]
[Date "2024.07.04"]
[Round "2"]
[White "Ciric, Pavle"]
[Black "Itgelt, Khuyagtsogt"]
[Result "0-1"]
[WhiteElo "2104"]
[BlackElo "2402"]
[PlyCount "78"]
[EventDate "2024.07.03"]
[EventType "swiss"]
[EventRounds "9"]
[EventCountry "SRB"]
[SourceTitle "CBM 221 Extra"]
[Source "ChessBase"]
[SourceDate "2024.09.30"]
[SourceVersion "1"]
[SourceVersionDate "2024.09.30"]
[SourceQuality "1"]

1. Nf3 Nf6 2. d4 e6 3. g3 b5 4. Bg2 Bb7 5. 0-0 c5 6. Na3 b4 7. Nc4 Bd5 8. Ne3 Be4 9. c4 bxc3 10. bxc3 Nc6 11. Ne5 Bxg2 12. Kxg2 Qc7 13. N3c4 Be7 14. Qa4 Nxe5 15. dxe5 Nd5 16. Qc2 0-0 17. Rd1 f5 18. f4 Rab8 19. Kg1 Qc6 20. Ne3 Nb6 21. c4 d6 22. exd6 Bf6 23. Rb1 Bd4 24. Rb3 Nd7 25. Ra3 e5 26. Rxd4 cxd4 27. Nxf5 Qc5 28. Kg2 Kh8 29. g4 g6 30. Ne7 Qxd6 31. Nd5 Nb6 32. Nxb6 axb6 33. Rf3 Qe6 34. f5 gxf5 35. gxf5 Qc6 36. Bb2 Rf7 37. e3 Rg8+ 38. Kf2 Rfg7 39. Rg3 Qh1 0-1